banner-ar

MUSLIM NAVAL ORGANISATI: EASTERN / (Record no. 16692)

MARC details
000 -الفاتح
حقل البيانات ثابتة الطول 00518nam a2200193Ia 4500
008 - عناصر البيانات ثابتة الطول - معلومات عامة
حقل البيانات ثابتة الطول 140319s9999 xx 000 0 eng d
040 ## - مصدر الفهرسة
وكالة الفهرسة الأصلية GCL /
وكالة النسخ GCL
082 04 - رقم تصنيف ديوى العشرى
رقم التصنيف 913.9
رقم المادة A M
100 1# - المدخل الرئيسى - إسم شخصى
الإسم الشخصى ALY, MOHAMED F.
245 10 - بيان العنوان
العنوان MUSLIM NAVAL ORGANISATI: EASTERN /
بيان المسئوليه,etc ALY, MOHAMED F.
260 ## - PUBLICATION, DISTRIBUTION, ETC. (IMPRINT)
تاريخ النشر أو التوزيع 1980
300 ## - الوصف المادى
التعداد 204 P
650 04 - المدخل الاضافى بالموضوع-مصطلح موضوعى
مصطلح موضوعي MEDITERRANEAN SEA
650 04 - المدخل الاضافى بالموضوع-مصطلح موضوعى
مصطلح موضوعي نجد
650 04 - المدخل الاضافى بالموضوع-مصطلح موضوعى
مصطلح موضوعي NAVY
650 04 - المدخل الاضافى بالموضوع-مصطلح موضوعى
مصطلح موضوعي MUSLIM - ORGANISATION
942 ## - عناصر المدخل الإضافي( كوها)
مصدر التصنيف او مخطط الترفيف Dewey Decimal Classification
Koha [default] item type كتاب
260 ## - PUBLICATION, DISTRIBUTION, ETC. (IMPRINT)
-- [S.N] :
-- THE CSENERAL EGYPTIAN BOOK ORGANZITION ،
Holdings
حالة التراجع حالة الفقد حالة تلف ليس للاعارة المكان المؤقت الموقع الحالى تاريخ الاكتساب اجمالي اﻻعارات رقم الطلب الباركود تاريخ اخر مشاهدة تاريخ تفعيل السعر نوع وعاء كوها
        مكتبة القاهرة الكبرى مكتبة القاهرة الكبرى 03/26/2014   913.9\A M 30209 03/26/2014 03/26/2014 كتاب

Powered By

EGPV